| 000 | 00477cam a2200193ua 4500 | ||
|---|---|---|---|
| 001 | 10357 | ||
| 008 | 160305n II |||gr||||Z||||||asm | ||
| 040 | _aMAIN | ||
| 041 | _aEnglish | ||
| 082 | _a330 DHA | ||
| 100 | _aDHAR, DR. P.K. | ||
| 245 | _aUCHATTAR MADHYAMIK ARTHA BIGYAN (Vol-1) | ||
| 250 | _a7th--2005. | ||
| 260 |
_aNEW DELHI: _bKALYANI PUBLISHERS, _c2005. |
||
| 300 |
_a424: _c20CM. |
||
| 653 | _aEconomics | ||
| 700 |
_aDHAR, DR. P.K., _eAuthor. |
||
| 942 | _cBK | ||
| 999 |
_c10328 _d10328 |
||